[Event "TCh-TUR 2011"]
[Site "Konya TUR"]
[Date "2011.06.28"]
[Round "1"]
[White "Durarbeyli, Vasif"]
[Black "Bolat, Ahmet"]
[Result "0-1"]
[WhiteTitle "GM"]
[WhiteElo "2511"]
[BlackElo "2074"]
[WhiteTeam "Gazi Universitesi S.K."]
[BlackTeam "Mersin Ezgi Satranc Kulubu"]
[WhiteFideId "13402935"]
[BlackFideId "6327923"]
[EventDate "2011.06.28"]

1. e4 e6 2. d4 d5 3. Nd2 dxe4 4. Nxe4 Nd7 5. Nf3 Ngf6 6. Bg5 Be7 7. Nxf6+ Bxf6
8. h4 O-O 9. Bd3 c5 10. Qe2 cxd4 11. O-O-O e5 12. Qe4 g6 13. Bxf6 Qxf6 14. h5
Re8 15. hxg6 hxg6 16. Qe2 Nc5 17. Nxd4 Qf4+ 18. Kb1 Bg4 19. f3 exd4 20. Qf2 Nxd3
21. Rxd3 Bf5 22. Rxd4 Re2 23. Qxe2 Qxd4 24. Rd1 Qc5 25. g4 Be6 26. b3 b5 27. f4
Rc8 28. Rh1 Bxg4 29. Qxg4 Qxc2+ 30. Ka1 Qc3+ 31. Kb1 Qd3+ 32. Ka1 Qd4+ 33. Kb1
Qe4+ 34. Kb2 Rc2+ 0-1

[Event "TCh-TUR 2011"]
[Site "Konya TUR"]
[Date "2011.06.28"]
[Round "1"]
[White "Nikolova, Adriana"]
[Black "Guney, Gamze Nur"]
[Result "1-0"]
[WhiteTitle "WIM"]
[WhiteElo "2333"]
[BlackElo "1731"]
[WhiteTeam "Mersin Ezgi Satranc Kulubu"]
[BlackTeam "Gazi Universitesi S.K."]
[WhiteFideId "2908689"]
[BlackFideId "6338879"]
[EventDate "2011.06.28"]

1. e4 c5 2. Nf3 d6 3. d4 cxd4 4. Nxd4 Nf6 5. Nc3 a6 6. Bg5 e6 7. f4 Be7 8. Qf3
Nbd7 9. O-O-O Qc7 10. g4 h6 11. Bxf6 Bxf6 12. h4 b6 13. Bg2 Be7 14. g5 Rb8 15.
g6 Bf6 16. gxf7+ Kxf7 17. Nxe6 Kxe6 18. Nd5 Qc4 19. Qh5 1-0

[Event "TCh-TUR 2011"]
[Site "Konya TUR"]
[Date "2011.06.28"]
[Round "1"]
[White "Sahin, Handenur"]
[Black "Vatansever, Buse"]
[Result "0-1"]
[WhiteElo "1738"]
[BlackElo "1585"]
[WhiteTeam "Gazi Universitesi S.K."]
[BlackTeam "Mersin Ezgi Satranc Kulubu"]
[WhiteFideId "6334865"]
[BlackFideId "6324746"]
[EventDate "2011.06.28"]

1. d4 d5 2. c4 c6 3. Nc3 Nf6 4. e3 Bf5 5. Nf3 Nbd7 6. Be2 e6 7. O-O Be7 8. Re1
O-O 9. Bd3 Bxd3 10. Qxd3 dxc4 11. Qxc4 Nb6 12. Qe2 Nbd5 13. e4 Nxc3 14. bxc3 Qc7
15. Bg5 Rfe8 16. Rab1 b6 17. Rb3 Nd7 18. Bxe7 Rxe7 19. Reb1 e5 20. Nd2 Rd8 21.
f3 Nf6 22. Qf2 Red7 23. Nc4 exd4 24. cxd4 Rxd4 25. Qe2 b5 26. Ne3 Rd2 27. Qe1
Rxa2 28. R3b2 Rxb2 29. Rxb2 Nh5 30. Rc2 Qb6 31. Kf1 h6 32. Ng4 Rd6 33. e5 Rd8
34. Re2 Nf4 35. Rd2 Rxd2 36. Qxd2 Nd5 37. Qe1 h5 38. Nf2 Qe3 39. Qd1 Qxe5 40.
Qc1 Qe6 41. Qd2 Qe5 42. h3 Ne3+ 43. Kg1 Qa1+ 0-1

[Event "TCh-TUR 2011"]
[Site "Konya TUR"]
[Date "2011.06.28"]
[Round "1"]
[White "Mamedov, Nidjat"]
[Black "Kulaots, Kaido"]
[Result "1-0"]
[WhiteTitle "GM"]
[BlackTitle "GM"]
[WhiteElo "2587"]
[BlackElo "2607"]
[WhiteTeam "Mersin Ezgi Satranc Kulubu"]
[BlackTeam "Gazi Universitesi S.K."]
[WhiteFideId "13400819"]
[BlackFideId "4500261"]
[EventDate "2011.06.28"]

1. e4 c5 2. Nf3 Nc6 3. d4 cxd4 4. Nxd4 g6 5. Nc3 Bg7 6. Be3 Nf6 7. Bc4 Qa5 8.
O-O O-O 9. Bb3 d6 10. h3 Bd7 11. Nf3 Qh5 12. Re1 h6 13. Nd5 Nxd5 14. exd5 Na5
15. Bd4 Bxd4 16. Qxd4 Bxh3 17. Re4 Nxb3 18. axb3 e5 19. Qb4 g5 20. Qxd6 f6 21.
Rc4 Rad8 22. Qc5 a6 23. Nh2 Bc8 24. Nf1 f5 25. Qb6 g4 26. Ng3 Qg5 27. Re1 e4 28.
Rc7 Rf7 29. Ne2 Rxc7 30. Qxc7 e3 31. Nf4 exf2+ 32. Kxf2 g3+ 33. Kf1 Rf8 34. Re7
b5 35. Nh5 Qc1+ 36. Ke2 Qxb2 37. Rg7+ Kh8 38. Rh7+ Kg8 39. Rg7+ Kh8 40. Rg6 Re8+
41. Kd3 1-0

[Event "TCh-TUR 2011"]
[Site "Konya TUR"]
[Date "2011.06.28"]
[Round "1"]
[White "Sengul, Cengiz"]
[Black "Can, Emre"]
[Result "0-1"]
[BlackTitle "GM"]
[WhiteElo "2225"]
[BlackElo "2487"]
[WhiteTeam "Mersin Ezgi Satranc Kulubu"]
[BlackTeam "Gazi Universitesi S.K."]
[WhiteFideId "6302785"]
[BlackFideId "6302181"]
[EventDate "2011.06.28"]

1. Nf3 Nf6 2. c4 g6 3. Nc3 Bg7 4. g3 O-O 5. Bg2 d6 6. d4 Nc6 7. O-O Bf5 8. Ne1
Qd7 9. e4 Bh3 10. Nc2 Bxg2 11. Kxg2 e5 12. d5 Ne7 13. b4 a5 14. a3 axb4 15. axb4
Rxa1 16. Nxa1 c6 17. Bg5 h6 18. Bxf6 Bxf6 19. Nc2 Bg7 20. dxc6 bxc6 21. Qd3 f5
22. f3 h5 23. Rd1 Rd8 24. b5 Kh8 25. Nb4 h4 26. bxc6 h3+ 27. Kh1 Nxc6 28. Nxc6
Qxc6 29. exf5 Rf8 30. f6 Bxf6 31. Nd5 Kg7 32. Qf1 Bg5 33. Qxh3 Qxc4 34. Qf1 Qb3
35. f4 exf4 36. gxf4 Bxf4 37. Rd3 Qb7 38. Qf3 Bxh2 39. Rb3 Qa8 40. Qe4 Be5 41.
Nc3 Rh8+ 42. Kg1 Qa7+ 43. Kf1 Qf7+ 0-1

[Event "TCh-TUR 2011"]
[Site "Konya TUR"]
[Date "2011.06.28"]
[Round "1"]
[White "Sevgi, Volkan"]
[Black "Koksal, Ege"]
[Result "1/2-1/2"]
[WhiteElo "1912"]
[BlackElo "2004"]
[WhiteTeam "Mersin Ezgi Satranc Kulubu"]
[BlackTeam "Gazi Universitesi S.K."]
[WhiteFideId "6325335"]
[BlackFideId "6317626"]
[EventDate "2011.06.28"]

1. e4 e5 2. Nc3 Nc6 3. g3 Nf6 4. Bg2 Bc5 5. Nge2 d6 6. O-O O-O 7. h3 Be6 8. d3
h6 9. Kh2 d5 10. f4 dxe4 11. Nxe4 Nxe4 12. Bxe4 Bd5 13. Nc3 Bxe4 14. Nxe4 exf4
15. Nxc5 fxg3+ 16. Kg2 Qd5+ 17. Ne4 f5 18. c4 Qe5 19. Nxg3 f4 20. Ne4 Nd4 21.
Qg4 h5 22. Bxf4 Qxe4+ 23. dxe4 hxg4 24. hxg4 Rae8 25. e5 Re6 26. Rad1 c5 27. Rf2
Rfe8 28. Bg3 a5 29. b3 Rg6 30. Rf4 Ne2 31. Rf5 Rxg4 32. Kf3 Rxg3+ 33. Kxe2 g6
34. Kf2 Rg4 35. Rf3 Rxe5 36. Rd8+ Kg7 37. Rd7+ Kh6 38. Rxb7 a4 39. Rh3+ Kg5 40.
Rg3 Rxg3 41. Kxg3 axb3 42. axb3 Kf5 43. Kf3 Kg5 44. Rb5 Kf5 45. Rb8 Kg5 46. b4
cxb4 47. Rxb4 Kf5 48. Rb8 Rc5 49. Rb5 1/2-1/2

[Event "TCh-TUR 2011"]
[Site "Konya TUR"]
[Date "2011.06.28"]
[Round "1"]
[White "Sasmazel, Burcu"]
[Black "Mutlu, Beste"]
[Result "1-0"]
[WhiteElo "1911"]
[BlackElo "1548"]
[WhiteTeam "Gazi Universitesi S.K."]
[BlackTeam "Mersin Ezgi Satranc Kulubu"]
[WhiteFideId "6319106"]
[BlackFideId "6325050"]
[EventDate "2011.06.28"]

1. e4 c5 2. Nc3 a6 3. g3 b5 4. Bg2 Bb7 5. d3 e6 6. Qe2 d6 7. f4 Nf6 8. e5 Bxg2
9. Qxg2 Nd5 10. Nxd5 exd5 11. Qxd5 Ra7 12. Nf3 Rd7 13. O-O Be7 14. e6 fxe6 15.
Qxe6 g6 16. Ng5 Qb6 17. Re1 Nc6 18. c3 a5 19. Qf6 Rf8 20. Qg7 Rd8 21. Nxh7 Kd7
22. Nxf8+ Rxf8 23. Rxe7+ Nxe7 24. Qxf8 c4+ 25. d4 Qc6 26. Bd2 d5 27. Re1 Qd6 28.
Qxe7+ Qxe7 29. Rxe7+ Kxe7 30. g4 Kf6 31. h4 1-0

[Event "TCh-TUR 2011"]
[Site "Konya TUR"]
[Date "2011.06.28"]
[Round "1"]
[White "Burneckas, Yunus"]
[Black "Dastan, Batuhan"]
[Result "0-1"]
[WhiteElo "1920"]
[BlackElo "2191"]
[WhiteTeam "Mersin Ezgi Satranc Kulubu"]
[BlackTeam "Gazi Universitesi S.K."]
[WhiteFideId "6312659"]
[BlackFideId "6300014"]
[EventDate "2011.06.28"]

1. f4 Nf6 2. Nf3 g6 3. e3 Bg7 4. Be2 O-O 5. O-O c5 6. d3 Nc6 7. a4 d5 8. Na3 a6
9. c3 Qc7 10. Rb1 e5 11. fxe5 Nxe5 12. Nc2 Bd7 13. Nce1 h5 14. b4 Nxf3+ 15. gxf3
b6 16. Ng2 Rfe8 17. Rf2 Nh7 18. d4 c4 19. e4 dxe4 20. fxe4 Rxe4 21. Bf3 Bf5 22.
Bxe4 Bxe4 23. Bf4 Qb7 24. Ra1 Nf6 25. Ne3 Bd3 26. Qf3 Ne4 27. Rg2 Ra7 28. Be5
Nxc3 29. Qxb7 Rxb7 30. Bxg7 Kxg7 31. Nxc4 Ne2+ 32. Rxe2 Bxe2 33. Ne3 Rd7 34. Kf2
Bd3 35. d5 Be4 36. Rc1 Bxd5 37. Nxd5 Rxd5 38. Rc6 Rd2+ 39. Kg3 Ra2 40. Rxb6 Rxa4
41. h4 a5 42. bxa5 Ra3+ 43. Kg2 Rxa5 44. Kg3 Ra3+ 45. Kg2 Re3 46. Rb7 Kf6 47.
Ra7 Ke6 48. Ra6+ Kf5 49. Ra5+ Re5 50. Ra7 f6 51. Rg7 g5 52. hxg5 fxg5 53. Kf3
g4+ 54. Kg3 Re3+ 55. Kf2 Ra3 56. Kg2 Kf4 57. Rf7+ Kg5 58. Rf2 h4 59. Rb2 Re3 60.
Ra2 0-1

[Event "TCh-TUR 2011"]
[Site "Konya TUR"]
[Date "2011.06.28"]
[Round "1"]
[White "Bayram, Yakup"]
[Black "Guliev, Logman"]
[Result "1/2-1/2"]
[WhiteTitle "FM"]
[BlackTitle "IM"]
[WhiteElo "2268"]
[BlackElo "2459"]
[WhiteTeam "Tarsus Zeka Satranc S.K."]
[BlackTeam "Yapi Kredi Spor Kulubu"]
[WhiteFideId "6300677"]
[BlackFideId "13400061"]
[EventDate "2011.06.28"]

1. d4 Nf6 2. c4 e6 3. Nc3 Bb4 4. e3 O-O 5. Bd3 d5 6. cxd5 exd5 7. Ne2 Re8 8. O-O
c6 9. f3 c5 10. a3 cxd4 11. axb4 dxc3 12. bxc3 Nc6 13. Nd4 Ne5 14. Rf2 Bd7 15.
Rfa2 Qb6 16. Bf1 Rac8 17. Rxa7 Rxc3 18. Bd2 Rcc8 19. R1a3 Nc4 20. Bxc4 dxc4 21.
Qa1 Nd5 22. Ra8 c3 23. Rxc8 Bxc8 24. Bxc3 Nxe3 25. Ra8 Qg6 26. Ra2 Nd5 27. Re2
Rf8 28. Re4 Bh3 29. g3 h5 30. Bd2 Rc8 31. Qe1 Nf6 32. Re3 Kh7 33. Kf2 Rd8 34.
Bc3 Nd5 35. Re5 Nxb4 36. Bxb4 Rxd4 37. Bc3 Ra4 38. Qd2 Qb6+ 39. Ke2 g6 40. Rxh5+
gxh5 41. Qc2+ Bf5 42. Qxa4 Qe6+ 43. Kd2 Kg6 44. Qd4 f6 45. Qd8 Qa2+ 46. Ke3 Qe6+
47. Kd2 b5 48. Qd4 Qd7 49. Qxd7 Bxd7 50. h4 f5 1/2-1/2

[Event "TCh-TUR 2011"]
[Site "Konya TUR"]
[Date "2011.06.28"]
[Round "1"]
[White "Kanmazalp, Ogulcan"]
[Black "Tulay, Berkay"]
[Result "1-0"]
[WhiteTitle "IM"]
[WhiteElo "2404"]
[BlackElo "2132"]
[WhiteTeam "Yapi Kredi Spor Kulubu"]
[BlackTeam "Tarsus Zeka Satranc S.K."]
[WhiteFideId "6304990"]
[BlackFideId "6302688"]
[EventDate "2011.06.28"]

1. e4 d6 2. d4 c6 3. Nc3 e5 4. Nf3 Qc7 5. h3 Nf6 6. Bd3 Nbd7 7. O-O Be7 8. Ne2
h6 9. Ng3 Nf8 10. Re1 g6 11. b3 Ne6 12. Bb2 Nd7 13. Bc4 b5 14. Bxe6 fxe6 15. a4
bxa4 16. Rxa4 exd4 17. Bxd4 e5 18. Be3 Nf6 19. Nh4 Kf7 20. Rf1 g5 21. Nhf5 d5
22. Qf3 Be6 23. Rfa1 d4 24. Nxd4 exd4 25. Bxd4 Qf4 26. Qc3 Rhd8 27. Be5 Qd2 28.
Qb2 Rd7 29. Bc3 Qd6 30. e5 Qd5 31. exf6 Bc5 32. Ra5 Qd6 33. Ne4 1-0

[Event "TCh-TUR 2011"]
[Site "Konya TUR"]
[Date "2011.06.28"]
[Round "1"]
[White "Zimina, Olga"]
[Black "Khotenashvili, Bela"]
[Result "0-1"]
[WhiteTitle "IM"]
[BlackTitle "IM"]
[WhiteElo "2346"]
[BlackElo "2470"]
[WhiteTeam "Tarsus Zeka Satranc S.K."]
[BlackTeam "Yapi Kredi Spor Kulubu"]
[WhiteFideId "4132190"]
[BlackFideId "13602640"]
[EventDate "2011.06.28"]

1. e4 c6 2. d4 d5 3. Nd2 dxe4 4. Nxe4 Nf6 5. Nxf6+ gxf6 6. c3 Qd5 7. c4 Qd6 8.
Be3 Bf5 9. Nf3 Nd7 10. Bd3 Bg4 11. Qc2 e6 12. Nd2 f5 13. f3 Bh5 14. O-O-O Bg7
15. c5 Qc7 16. g4 f4 17. gxh5 fxe3 18. Nc4 Qf4 19. Nd6+ Ke7 20. Be2 b6 21. Rhg1
Bf6 22. Kb1 Rab8 23. Ne4 Qf5 24. Bd3 Qxh5 25. Rg4 Bxd4 26. Bf1 bxc5 27. b3 Qf5
28. Rg3 Rhg8 29. Bh3 Qe5 30. f4 Qh5 31. Ng5 h6 32. Bg4 Qg6 33. Ne4 Nf6 34. f5
Qxg4 35. Rxg4 Rxg4 36. Nxf6 Kxf6 37. fxe6 fxe6 38. Rf1+ Ke5 39. Qh7 Rc8 40. Qxh6
Kd6 41. Qh7 Rcg8 42. Rf7 e2 43. Rd7+ Ke5 44. Qh5+ R8g5 45. Qh8+ Ke4 46. Qh7+ Rf5 0-1

[Event "TCh-TUR 2011"]
[Site "Konya TUR"]
[Date "2011.06.28"]
[Round "1"]
[White "Kerigan, Demre"]
[Black "Paichadze, Luka"]
[Result "1/2-1/2"]
[BlackTitle "IM"]
[WhiteElo "2134"]
[BlackElo "2489"]
[WhiteTeam "Yapi Kredi Spor Kulubu"]
[BlackTeam "Tarsus Zeka Satranc S.K."]
[WhiteFideId "6307841"]
[BlackFideId "13602934"]
[EventDate "2011.06.28"]

1. e4 c6 2. d4 d5 3. e5 Bf5 4. Nd2 Bc8 5. Nb1 Bf5 6. Nd2 Qb6 7. Nb3 e6 8. Nf3
Nd7 9. Be2 a5 10. a4 Ne7 11. O-O Bg6 12. c4 dxc4 13. Nbd2 Nd5 14. Nxc4 Qc7 15.
Bd3 N7b6 16. b3 Be7 17. Bg5 O-O 18. Bxe7 Nxe7 19. Nd6 Nbc8 20. Bxg6 hxg6 21. Ne4
Rd8 22. Qd3 Nb6 23. Nfg5 Nf5 24. Qh3 Rxd4 25. Qh7+ Kf8 26. f4 Qd8 27. g4 Rxe4
28. Qh8+ Ke7 29. Qxd8+ Rxd8 30. Nxe4 Ne3 31. Rf3 Nc2 32. Rb1 Nd4 33. Rf2 Nd5 34.
Kg2 b6 1/2-1/2

[Event "TCh-TUR 2011"]
[Site "Konya TUR"]
[Date "2011.06.28"]
[Round "1"]
[White "Menzi, Nezihe Ezgi"]
[Black "Tulay, Seray"]
[Result "0-1"]
[WhiteElo "1868"]
[BlackElo "1778"]
[WhiteTeam "Yapi Kredi Spor Kulubu"]
[BlackTeam "Tarsus Zeka Satranc S.K."]
[WhiteFideId "6310060"]
[BlackFideId "6307787"]
[EventDate "2011.06.28"]

1. e4 c5 2. Nf3 e6 3. c3 d5 4. exd5 Qxd5 5. d4 Nf6 6. Be3 cxd4 7. cxd4 Nc6 8.
Nc3 Qa5 9. a3 Nd5 10. Bd2 Qd8 11. Bd3 Bd6 12. O-O Nf4 13. Bc4 O-O 14. Be3 b6 15.
d5 Nxd5 16. Nxd5 exd5 17. Bxd5 Bb7 18. Rc1 Na5 19. Bxb7 Nxb7 20. Ng5 h6 21. Nh3
Bc5 22. Qf3 Bxe3 23. Qxe3 Nc5 24. Nf4 Qg5 25. Rfe1 Rac8 26. Qf3 Rfe8 27. b4 Na6
28. Rxc8 Rxc8 29. Qb7 Rc7 30. Re8+ Kh7 31. Qe4+ g6 32. g3 Rd7 33. h4 Qf6 34. h5
Nc7 35. hxg6+ fxg6 36. Qc4 Nxe8 37. Qc8 Qe7 38. Qc2 Qd6 0-1

[Event "TCh-TUR 2011"]
[Site "Konya TUR"]
[Date "2011.06.28"]
[Round "1"]
[White "Benzetsel, Ekim"]
[Black "Yurtseven, Melih"]
[Result "0-1"]
[WhiteElo "1778"]
[BlackElo "2050"]
[WhiteTeam "Tarsus Zeka Satranc S.K."]
[BlackTeam "Yapi Kredi Spor Kulubu"]
[WhiteFideId "6332749"]
[BlackFideId "6312160"]

1. e4 c5 2. Nf3 d6 3. d4 cxd4 4. Nxd4 Nf6 5. Nc3 a6 6. Be3 e6 7. Qd2 b5 8. f3
Nbd7 9. O-O-O Bb7 10. g4 Nb6 11. g5 Nfd7 12. Bd3 Rc8 13. Kb1 Ne5 14. Qe1 b4 15.
Nce2 d5 16. Qg3 Nbc4 17. Bf4 Ng6 18. e5 Qc7 19. Qh3 Nxf4 20. Nxf4 g6 21. Nxg6
fxg6 22. Bxg6+ hxg6 23. Qxh8 Qxe5 24. Qxe5 Nxe5 25. Rhe1 Nd7 26. Nxe6 Kf7 27.
Nf4 Rc5 28. Re6 Rc6 29. Rxc6 Bxc6 30. Nxd5 Bc5 31. c3 bxc3 32. Nxc3 Be7 33. f4
Nb6 34. Kc2 Nc4 35. Kb3 Ne3 36. Rd3 Nf5 37. Ne2 Bb5 38. Rd2 Nd4+ 0-1

[Event "TCh-TUR 2011"]
[Site "Konya TUR"]
[Date "2011.06.28"]
[Round "1"]
[White "Keskin, Suara"]
[Black "Akgul, Beyza"]
[Result "1-0"]
[WhiteElo "1693"]
[BlackElo "1582"]
[WhiteTeam "Yapi Kredi Spor Kulubu"]
[BlackTeam "Tarsus Zeka Satranc S.K."]
[WhiteFideId "6332650"]
[BlackFideId "6325556"]
[EventDate "2011.06.28"]

1. d4 Nf6 2. Nf3 g6 3. Bf4 Bg7 4. e3 d6 5. Be2 O-O 6. c4 Nbd7 7. Nc3 Re8 8. h3
c6 9. O-O Nb6 10. Bd3 Qc7 11. Bh2 Be6 12. Qe2 Rad8 13. Rac1 Qc8 14. Ng5 h6 15.
Nxe6 Qxe6 16. Rfd1 Qc8 17. d5 Nfd7 18. f4 Nc5 19. Bb1 Nba4 20. e4 Nxc3 21. bxc3
cxd5 22. cxd5 Na4 23. e5 Qc5+ 24. Qf2 Qa5 25. c4 Nc3 26. Qe1 Qc5+ 27. Kh1 Nxd1
28. Qxd1 dxe5 29. fxe5 Qe3 30. Qf1 Bxe5 31. Re1 Qc5 32. Bxe5 Rc8 33. Bd3 b5 34.
Qf4 g5 35. Qf5 e6 36. Qh7+ Kf8 37. Bf6 Red8 38. Qh8# 1-0

[Event "TCh-TUR 2011"]
[Site "Konya TUR"]
[Date "2011.06.28"]
[Round "1"]
[White "Gagunashvili, Merab"]
[Black "Parligras, Mircea-Emilian"]
[Result "1/2-1/2"]
[WhiteTitle "GM"]
[BlackTitle "GM"]
[WhiteElo "2603"]
[BlackElo "2626"]
[WhiteTeam "Turk Hava Yollari S.K."]
[BlackTeam "Deniz Genclik S.K."]
[WhiteFideId "13601652"]
[BlackFideId "1204297"]
[EventDate "2011.06.28"]

1. d4 Nf6 2. c4 e6 3. Nf3 b6 4. g3 Bb7 5. Bg2 Be7 6. O-O O-O 7. Bf4 d6 8. Nc3
Ne4 9. Qd3 Nxc3 10. bxc3 Nc6 11. Nd2 Qd7 12. d5 Na5 13. Nb3 e5 14. Nxa5 bxa5 15.
c5 exf4 16. c6 Bxc6 17. dxc6 Qg4 18. Rab1 fxg3 19. hxg3 h5 20. Rb7 Bd8 21. Bf3
Qh3 22. Bg2 Qg4 23. Qe4 Qxe4 24. Bxe4 Re8 25. Bf3 Re5 26. Rfb1 Kf8 27. R1b5 Rxb5
28. Rxb5 g6 29. e3 Bf6 30. Rb7 Rc8 31. c4 Bc3 32. a3 a6 33. Kf1 a4 34. Bd1 Ke7
35. Bxa4 Ba5 36. Ra7 Rb8 37. Rxa6 Rb1+ 38. Kg2 Bb6 39. Bb5 Bc5 40. Ra8 Rb2 41.
Rc8 Bb6 42. a4 Rc2 43. Kf1 Rc1+ 44. Ke2 Rc2+ 45. Kf1 Rc1+ 46. Kg2 Rc2 47. Rb8
Rxf2+ 1/2-1/2

[Event "TCh-TUR 2011"]
[Site "Konya TUR"]
[Date "2011.06.28"]
[Round "1"]
[White "Topak, Engin"]
[Black "Ulker, Tolga"]
[Result "1-0"]
[WhiteTitle "FM"]
[WhiteElo "2306"]
[BlackElo "1758"]
[WhiteTeam "Deniz Genclik S.K."]
[BlackTeam "Turk Hava Yollari S.K."]
[WhiteFideId "6300324"]
[BlackFideId "6351875"]
[EventDate "2011.06.28"]

1. c4 Nf6 2. Nc3 g6 3. d4 Bg7 4. e4 d6 5. Nf3 O-O 6. h3 Nbd7 7. Bg5 Re8 8. Be2
e5 9. d5 Nc5 10. Nd2 a5 11. g4 Bd7 12. h4 Qc8 13. Rg1 h6 14. Be3 Nh7 15. Qc2 Qd8
16. g5 h5 17. Nf1 Nf8 18. Ng3 c6 19. O-O-O cxd5 20. exd5 b6 21. Bxc5 bxc5 22.
Nce4 Qe7 23. Rd3 Reb8 24. Re3 Rb6 25. Nc3 Qd8 26. Nge4 Kh8 27. a4 Ra7 28. Nb5
Bxb5 29. axb5 Nh7 30. Qd1 Kg8 31. Reg3 Nf8 32. Kb1 Rab7 33. Bxh5 gxh5 34. Nf6+
Bxf6 35. gxf6+ Ng6 36. Qxh5 Qxf6 37. Rxg6+ Qxg6+ 38. Rxg6+ fxg6 39. Qxg6+ Rg7
40. Qe8+ Kh7 41. Qd8 Rgb7 42. Ka2 Rb8 43. Qe7+ Kg6 44. Qg5+ Kh7 45. h5 Rg8 46.
Qf6 Rg7 47. Ka3 Rgb7 48. Qg6+ Kh8 49. h6 Ra7 50. Ka4 e4 51. Qxe4 Rbb7 52. Qg6
Rd7 53. b6 Rab7 54. Kb5 a4 55. Kc6 a3 56. Qf6+ Kg8 57. bxa3 Kh7 58. Qf5+ Kxh6 1-0

[Event "TCh-TUR 2011"]
[Site "Konya TUR"]
[Date "2011.06.28"]
[Round "1"]
[White "Kilicaslan, Hasan"]
[Black "Keler, Faruk"]
[Result "1-0"]
[WhiteTitle "IM"]
[WhiteElo "2250"]
[BlackElo "2231"]
[WhiteTeam "Turk Hava Yollari S.K."]
[BlackTeam "Deniz Genclik S.K."]
[WhiteFideId "6300391"]
[BlackFideId "6302734"]
[EventDate "2011.06.28"]

1. Nf3 Nf6 2. d4 d5 3. Bg5 Ne4 4. Bf4 Bf5 5. Nbd2 e6 6. e3 Bd6 7. Nxe4 Bxe4 8.
Bxd6 cxd6 9. Nd2 Qb6 10. Nxe4 dxe4 11. Rb1 O-O 12. c3 Nc6 13. Be2 Qc7 14. O-O
Ne7 15. f3 f5 16. fxe4 fxe4 17. Bg4 Rxf1+ 18. Qxf1 Qd7 19. Qf4 d5 20. Qe5 Nf5
21. c4 g6 22. Bxf5 exf5 23. Rc1 Rc8 24. b3 Kf7 25. h4 Kg8 26. h5 gxh5 27. Rf1
Re8 28. Qxf5 Qxf5 29. Rxf5 dxc4 30. bxc4 Rd8 31. c5 h4 32. Rf4 b6 33. cxb6 axb6
34. Rxe4 h3 35. gxh3 Rc8 36. Kg2 Rc2+ 37. Kf3 Rxa2 38. Re7 1-0

[Event "TCh-TUR 2011"]
[Site "Konya TUR"]
[Date "2011.06.28"]
[Round "1"]
[White "Dogantug, Ismail"]
[Black "Yaramis, Hakan"]
[Result "1/2-1/2"]
[WhiteElo "2218"]
[BlackElo "2094"]
[WhiteTeam "Deniz Genclik S.K."]
[BlackTeam "Turk Hava Yollari S.K."]
[WhiteFideId "6300430"]
[BlackFideId "6304613"]
[EventDate "2011.06.28"]

1. e4 c5 2. Nf3 d6 3. Nc3 e6 4. g3 Nc6 5. Bg2 g6 6. d4 cxd4 7. Nxd4 e5 8. Nb3
Be6 9. Nd5 Bg7 10. O-O Qd7 11. a4 Nge7 12. Bh6 O-O 13. Bxg7 Kxg7 14. Qd2 Rac8
15. h4 Bxd5 16. exd5 Nb8 17. Nc1 Na6 18. Nd3 Nc5 19. Nxc5 1/2-1/2

[Event "TCh-TUR 2011"]
[Site "Konya TUR"]
[Date "2011.06.28"]
[Round "1"]
[White "Yargici, Mazhar Kutay"]
[Black "Olcum, Ahmet"]
[Result "0-1"]
[WhiteElo "1926"]
[BlackElo "1920"]
[WhiteTeam "Turk Hava Yollari S.K."]
[BlackTeam "Deniz Genclik S.K."]
[WhiteFideId "6310400"]
[BlackFideId "6311393"]
[EventDate "2011.06.28"]

1. d4 Nf6 2. c4 g6 3. Nc3 Bg7 4. e4 d6 5. f4 O-O 6. Nf3 c5 7. d5 Na6 8. Bd3 Nc7
9. O-O Rb8 10. Re1 a6 11. a4 Bd7 12. e5 Nfe8 13. Qe2 b6 14. Be3 e6 15. a5 exd5
16. exd6 d4 17. dxc7 Nxc7 18. Rad1 dxe3 19. Be4 Qc8 20. Qxe3 bxa5 21. Qxc5 Ne6
22. Qxa5 Rxb2 23. Nd5 Qc5+ 24. Qxc5 Nxc5 25. Ne7+ Kh8 26. Bd5 Ba4 27. Rb1 Rxb1
28. Rxb1 Bf6 29. Nc6 Bxc6 30. Bxc6 Rc8 31. Bd5 Kg7 32. g4 Rc7 33. Kg2 a5 34. g5
Bc3 35. Ne5 a4 36. Rc1 Bb2 37. Rd1 a3 38. f5 Bxe5 39. f6+ Kf8 40. Bc6 Rc8 41.
Rd5 a2 0-1

[Event "TCh-TUR 2011"]
[Site "Konya TUR"]
[Date "2011.06.28"]
[Round "1"]
[White "Abdimanoglu, Beste Basak"]
[Black "Yaka, Beyza"]
[Result "0-1"]
[WhiteElo "1751"]
[BlackElo "1525"]
[WhiteTeam "Deniz Genclik S.K."]
[BlackTeam "Turk Hava Yollari S.K."]
[WhiteFideId "6300286"]
[BlackFideId "6303641"]
[EventDate "2011.06.28"]

1. d4 d5 2. c4 e6 3. Nc3 c6 4. e4 dxe4 5. Nxe4 Nf6 6. Nc3 Be7 7. Nf3 O-O 8. Bd3
Nbd7 9. Bf4 b6 10. O-O Bb7 11. Rc1 Rc8 12. Bc2 Re8 13. Bb3 Nf8 14. Ba4 Ng6 15.
Bg3 Rf8 16. Bb3 Re8 17. a3 Bd6 18. Qd2 a6 19. Rfd1 Be7 20. d5 exd5 21. cxd5 cxd5
22. Bxd5 Nxd5 23. Nxd5 Qxd5 24. Rxc8 Rxc8 25. Qxd5 Bxd5 26. Nd4 Be6 27. h3 Bd7
28. Kh2 Bf6 29. b4 Ba4 30. Rd2 Rd8 31. Nf3 Rxd2 32. Nxd2 Be5 33. Nc4 Bd4 34. Nd2
Ne5 35. Ne4 Nc4 36. Bc7 Nxa3 37. Bg3 Nc4 0-1

[Event "TCh-TUR 2011"]
[Site "Konya TUR"]
[Date "2011.06.28"]
[Round "1"]
[White "Ozgur, Emre"]
[Black "Ererdem, Gani Eren"]
[Result "0-1"]
[WhiteElo "1732"]
[BlackElo "1996"]
[WhiteTeam "Turk Hava Yollari S.K."]
[BlackTeam "Deniz Genclik S.K."]
[WhiteFideId "6322824"]
[BlackFideId "6310915"]
[EventDate "2011.06.28"]

1. d4 Nf6 2. c4 e6 3. Nf3 b6 4. g3 Ba6 5. Qa4 Bb7 6. Bg2 Be7 7. Nc3 O-O 8. O-O
c5 9. dxc5 bxc5 10. Rd1 Qb6 11. Bf4 d6 12. Qc2 Rd8 13. h3 Nc6 14. e3 d5 15. cxd5
Nb4 16. Qe2 Ba6 17. Qd2 exd5 18. Bf1 d4 19. exd4 cxd4 20. Na4 Qc6 21. b3 Bxf1
22. Rxf1 Qxf3 23. Rfe1 Bf8 24. Rac1 Nd3 25. Bc7 Bb4 0-1